Imagen 1 Imagen 2 Imagen 3 Imagen 4 Imagen 5 Imagen 6

La palabra es fuego/ (Registro nro. 53633)

Detalles MARC
000 -LEADER
campo de control de longitud fija 00940nam a22001937a 4500
003 - IDENTIFICADOR DE NÚMERO DE CONTROL
campo de control peliumch
005 - FECHA Y HORA DE LA ÚLTIMA TRANSACCIÓN
campo de control 20260220165612.0
008 - DATOS DE LONGITUD FIJA--INFORMACIÓN GENERAL
campo de control de longitud fija 260220b |||||||| |||| 00| 0 spa d
020 ## - NÚMERO INTERNACIONAL ESTÁNDAR DEL LIBRO
Número Internacional Estándar del Libro 9786124395802
040 ## - FUENTE DE CATALOGACIÓN
Lengua de catalogación spa
Centro/agencia transcriptor umch
Centro/agencia modificador jcz
Normas de descripción rda
082 ## - NÚMERO DE LA CLASIFICACIÓN DECIMAL DEWEY
Número de clasificación 801.95/P525
110 ## - ENTRADA PRINCIPAL--NOMBRE DE ENTIDAD CORPORATIVA
Nombre de entidad corporativa o nombre de jurisdicción como elemento de entrada Fundación BBVA
245 ## - MENCIÓN DEL TÍTULO
Título La palabra es fuego/
Resto del título Mario Vargas Llosa en el Hay Festival
Mención de responsabilidad, etc. Fondo de Cultura Económica
260 ## - PUBLICACIÓN, DISTRIBUCIÓN, ETC.
Lugar de publicación, distribución, etc. Lima:
Nombre del editor, distribuidor, etc. Fundación BBVA Perú,
Fecha de publicación, distribución, etc. 2025
300 ## - DESCRIPCIÓN FÍSICA
Extensión 228 p.
520 ## - RESUMEN, ETC.
Sumario, etc. Conversaciones con Héctor Abad Faciolince, Katya Adaui, Mariana de Althaus, J.J. Armas Marcelo, Julian Barnes, Renato Cisneros, Alonso Cueto, Peter Florence, Jeremías Gamboa, Carlos Granés, Leila Guerriero, Bronwen Maddox, Gerald Martin, Javier Moreno Barber, Rosa María Palacios, Marianne Ponsford, Santiago Roncagliolo, Salman Rushdie, Yoani Sánchez, Raúl Tola, Sergio Vilela.
650 ## - PUNTO DE ACCESO ADICIONAL DE MATERIA--TÉRMINO DE MATERIA
Subdivisión de forma Crítica Literaria
Subdivisión general Literatura
942 ## - ELEMENTOS DE ENTRADA SECUNDARIOS (KOHA)
Fuente del sistema de clasificación o colocación Clasificación Decimal Dewey
Tipo de ítem Koha Libros
Suprimir en OPAC No
Existencias
Estatus retirado Estado de pérdida Fuente del sistema de clasificación o colocación Estado de daño No para préstamo Biblioteca de origen Biblioteca actual Fecha de adquisición Total checkouts Signatura topográfica completa Código de barras Visto por última vez Copia número Precio de reemplazo Tipo de ítem Koha
    Clasificación Decimal Dewey     Biblioteca Central Biblioteca Central 20/02/2026   801.95/P525 035836 20/02/2026 1 20/02/2026 Libros

Horarios de atención

De Lunes a Viernes de 8:00 a.m. -7:00 p.m.
Sábados de 8:00 a.m. - 5:00 p.m.



Email:
 biblioteca@umch.edu.pe

Teléfono: (01) 4490449 anexo 400 y 401
WhatsApp: +51 946 208 593